| 000 | 00575nam a2200193 a 4500 | ||
|---|---|---|---|
| 001 | 000867064 | ||
| 003 | AM-YeHGA | ||
| 005 | 20250617145145.0 | ||
| 008 | 120214s1985 ||| r 000 0 gre d | ||
| 040 | _aAM-YeHGA | ||
| 041 | 0 | _agre | |
| 100 | 1 |
_aԿիրակոսյան, Ալիսիա Գուրգենի, _d1936-2014 |
|
| 245 | 1 | 0 |
_a40+1 Ομολογίες αγάπης / _cΓΚΙΡΑΓΚΟΣΙΑΝ, ΑΛΙΣΙΑ. |
| 260 |
_aΑθήνα : _bΕκδόσεις Θεμέλιο, _c1985. |
||
| 300 | _a75 p. | ||
| 650 | 1 | 4 | _aPoetry, Armenian |
| 942 |
_2udc _cBK |
||
| 090 | _c308892 | ||
| 999 |
_c307183 _d307183 |
||